Излучение Вавилова-Черенкова в диэлектрических фиберах: диссертация на соискание ученой степени кандидата физико-математических наук; спец. 01.04.20

গ্রন্থ-পঞ্জীর বিবরন
প্রধান লেখক: Блеко В. В. Витольд Владиславович
সংস্থা লেখক: Национальный исследовательский Томский политехнический университет (ТПУ)
অন্যান্য লেখক: Науменко Г. А. Геннадий Андреевич (научный руководитель)
সংক্ষিপ্ত:Защищена 20.12.2016 г.
ভাষা:রুশ
প্রকাশিত: Томск, [Б. и.], 2016
বিষয়গুলি:
বিন্যাস: গ্রন্থ
KOHA link:https://koha.lib.tpu.ru/cgi-bin/koha/opac-detail.pl?biblionumber=327086

MARC

LEADER 00000nbm0a2200000 4500
001 327086
005 20231102003927.0
035 |a (RuTPU)RU\TPU\book\352746 
090 |a 327086 
100 |a 20170125j20161220k y0rusy50 ca 
101 0 |a rus 
102 |a RU 
105 |a a m 001zy 
200 1 |a Излучение Вавилова-Черенкова в диэлектрических фиберах  |e диссертация на соискание ученой степени кандидата физико-математических наук  |e спец. 01.04.20  |f В. В. Блеко  |g Национальный исследовательский Томский политехнический университет (ТПУ) ; науч. рук. Г. А. Науменко 
210 |a Томск  |c [Б. и.]  |d 2016 
215 |a 82 л.  |c ил. 
300 |a Защищена 20.12.2016 г. 
320 |a Библиогр.: с. 76-82 (68 назв.) 
452 1 |0 (RuTPU)RU\TPU\book\354302  |t Излучение Вавилова-Черенкова в диэлектрических фиберах  |o диссертация на соискание ученой степени кандидата физико-математических наук  |o спец. 01.04.20  |f Д. О. Глушков  |g Национальный исследовательский Томский политехнический университет (ТПУ) ; науч. рук. Г. А. Науменко  |c Томск  |d 2016  |a Блеко, Витольд Владиславович 
606 1 |a Черенкова-Вавилова эффект  |x (ядерная физика)  |2 stltpush  |3 (RuTPU)RU\TPU\subj\18625  |9 44017 
610 1 |a физика 
610 1 |a излучение Вавилова-Черенкова 
610 1 |a диэлектрические фиберы 
610 1 |a релятивистские электроны 
610 1 |a электронные сгустки 
610 1 |a диэлектрические мишени 
610 1 |a дифракционное излучение 
610 1 |a поляризационное излучение 
610 1 |a диссертации 
610 1 |a труды учёных ТПУ 
675 |a 539.1.074.4(04)  |v 4 
686 |a 01.04.20  |2 oksvnk 
700 1 |a Блеко  |b В. В.  |c физик  |c инженер-исследователь Томского политехнического университета  |f 1989-  |g Витольд Владиславович  |2 stltpush  |3 (RuTPU)RU\TPU\pers\31371 
702 1 |a Науменко  |b Г. А.  |c физик  |c ведущий научный сотрудник, профессор Томского политехнического университета, доктор физико-математических наук  |f 1947-  |g Геннадий Андреевич  |2 stltpush  |3 (RuTPU)RU\TPU\pers\26566  |4 727 
712 0 2 |a Национальный исследовательский Томский политехнический университет (ТПУ)  |c (2009- )  |2 stltpush  |3 (RuTPU)RU\TPU\col\15902 
801 1 |a RU  |b 63413507  |c 20170125 
801 2 |a RU  |b 63413507  |c 20170220  |g RCR 
942 |c BK